000 03153nam a22006257a 4500
003 CHAP
005 20220329140559.0
008 971013s1976 r 10010 d
010 _a54259
011 _a55231
035 _a59383
040 _cCHAP
082 _a636.08
_bS36 1976
111 0 0 _aSeminario Internacional de Ganadería Tropical
_d(1976
_c: Acapulco, Gro.)
_9104125
245 _aMemoria
260 _aMéxico, D.F. :
_bEl seminario,
_c1976
300 _a5v
500 _aLa biblioteca tiene: v.1 Agricultura y comercialización -- v.2 Producción de forrajes -- v.3 Producción de leche como actividad especializada -- v.4 desarrollo en general de la ganadería en los trópicos -- v.5 Producción de carne
590 _aBATCH-UPD
_b10
_c20130110
_lUCH01
_h0144
590 _aBATCH-UPD
_b10
_c20130110
_lUCH01
_h1437
590 _aBATCH-UPD
_b10
_c20130409
_lUCH01
_h2143
590 _aBATCH-UPD
_b10
_c20130410
_lUCH01
_h0911
590 _aBATCH-UPD
_b10
_c20130914
_lUCH01
_h0552
590 _aCONVERSION
_b10
_c20130109
_lUCH01
_h1329
650 1 4 _aBecerros
_xNutrición.
_911184
650 1 4 _aCarne
_xAspectos económicos.
_919062
650 1 4 _aForrajes
_xTrópicos.
_942599
650 1 4 _aGanadería
_xTrópicos.
_944856
650 1 4 _aIndustria lechera.
_957819
650 1 4 _aIndustrias agrícolas.
_957925
650 1 4 _aLeche
_xProducción.
_965400
650 1 4 _aPlantas forrajeras.
_988943
650 1 4 _aPolítica ganadera.
_990617
650 1 4 _aRhizobium.
_997124
901 _aBK
942 _cLIBRO
949 _a636.08 S36 1976
_bBC
_cLIBRO
_d33724000264354
_eLIBRO
_fv.2
_h40988
_i59383
_si
949 _a636.08 S36 1976
_bBC
_cLIBRO
_d33724000264362
_eLIBRO
_fv.1
_h40987
_i59383
_si
949 _a636.08 S36 1976
_bBC
_cLIBRO
_d33724000264388
_eLIBRO
_fv.1 c.3
_h45424
_i59383
_si
949 _a636.08 S36 1976
_bBC
_cLIBRO
_d33724000264396
_eLIBRO
_fv.1 c.5
_h80915
_i59383
_si
949 _a636.08 S36 1976
_bBC
_cLIBRO
_d33724000264404
_eLIBRO
_fv.2 c.2
_h41573
_i59383
_si
949 _a636.08 S36 1976
_bBC
_cLIBRO
_d33724000264412
_eLIBRO
_fv.1 c.4
_h80914
_i59383
_si
949 _a636.08 S36 1976
_bBC
_cLIBRO
_d33724000264420
_eLIBRO
_fv.3
_h40989
_i59383
_si
949 _a636.08 S36 1976
_bBC
_cLIBRO
_d33724000264438
_eLIBRO
_fv.3 c.4
_h80917
_i59383
_si
949 _a636.08 S36 1976
_bBC
_cLIBRO
_d33724000264453
_eLIBRO
_fv.4
_h41575
_i59383
_si
949 _a636.08 S36 1976
_bBC
_cLIBRO
_d33724000264461
_eLIBRO
_fv.2 c.4
_h80916
_i59383
_si
949 _a636.08 S36 1976
_bBC
_cLIBRO
_d33724000264479
_eLIBRO
_fv.5
_h41576
_i59383
_si
949 _a636.08 S36 1976
_bBC
_cLIBRO
_d33724000264487
_eLIBRO
_fv.4 c.3
_h80918
_i59383
_si
949 _a636.08 S36 1976
_bBC
_cLIBRO
_d33724000264511
_eLIBRO
_fv.5 c.2
_h45428
_i59383
_si
949 _a636.08 S36 1976
_bBC
_cLIBRO
_d33724000264529
_eLIBRO
_fv.4 c.2
_h45425
_i59383
_si
949 _a636.08 S36 1976
_bBC
_cLIBRO
_d33724000273645
_eLIBRO
_fv.3 c.2
_h41573
_i59383
_si
949 _a636.08 S36 1976
_bBC
_cLIBRO
_d33724000397402
_eLIBRO
_fv.3 c.3
_h45426
_i59383
_si
949 _a636.08 S36 1976
_bBC
_cLIBRO
_d33724000397410
_eLIBRO
_fv.2 c.3
_h45425
_i59383
_si
949 _a636.08 S36 1976
_bBC
_cLIBRO
_d33724000767232
_eLIBRO
_fv.1 c.2
_h41572
_i59383
_si
999 _c54259
_d54259